01282nam a2200313 a 4500001001000000003000900010005001700019008004100036020001500077040002500092041003900117049000900156082001700165240003400182245017600216260003200392300002800424500002100452504007400473534009000547650003300637650003500670700003000705700003900735700004200774942001400816952012100830999001700951000024389DO-SdBNP20250617094838.0110126s1981 mx a r 001 0 spa d a9682410339 aDO-SdBNPbspacBNPHU17aspaheng2Código de idiomas MARC aBNGR a401.9bP974a10aPsycholinguistics.lEspañol00aPsicolingüistica :balgunos aspectos acerca de la adquisición del lenguaje /ceditado por Roger Brown ; traducción de Ernesto de la Peña y Sara Gómez de Ardilla. aMéxico :bTrillas,c1981. a375 p. :bil. ;c24 cm. aIncluye índice aIncluye referencias bibliográficas y notas al pie de las páginas. pTítulo original en inglés:tPsycholinguistics.cNueva York : The Free Press, 1970 4aPsicolingüística 927843 4aLenguaje de los niños9278611 aBrown, Roger,eed.9500151 aPeña, Ernesto de la,etr.9499121 aGómez de Ardilla, Sara,etr.950016 2ddccLBS1 001052708MOaGRbGRcCTd2011-01-26iLF1l0o401.9 P974ap24389-10r2020-06-25w2020-06-25y2ZPréstamo interno c23882d23882